[Event "Jakarta zt (Women)"]
[Site "Jakarta"]
[Date "1993.??.??"]
[Round "5"]
[White "Sulistya, Maria Lucia Ratna"]
[Black "Wong, Audrey"]
[Result "0-1"]
[WhiteElo "2195"]
[BlackElo "2055"]
[PlyCount "90"]
[EventDate "1993.??.??"]
[EventType "tourn"]
[EventRounds "12"]
[EventCountry "INA"]
[SourceTitle "EXT 2003"]
[Source "ChessBase"]
[SourceDate "2002.11.25"]
[SourceVersion "1"]
[SourceVersionDate "2002.11.25"]
[SourceQuality "1"]

1. e4 g6 2. d4 Bg7 3. Nc3 d6 4. Be3 Nf6 5. f3 0-0 6. Qd2 Nbd7 7. h4 c5 8. dxc5 Nxc5 9. 0-0-0 Qa5 10. Kb1 Be6 11. Nd5 Qa4 12. b3 Qa3 13. Nxe7+ Kh8 14. Bd4 Rfe8 15. e5 Nxb3 16. axb3 dxe5 17. Bxe5 Qxe7 18. Bd6 Qd7 19. Nh3 Nd5 20. Ba3 Nc3+ 21. Kc1 Na2+ 22. Kb1 Nc3+ 23. Kc1 Nxd1 24. Qxd7 Bxd7 25. Kxd1 Bc3 26. Bc4 Bxh3 27. gxh3 Kg7 28. Bc5 Rad8+ 29. Bd3 Rd5 30. Ba3 Ra5 31. Bc1 Ra1 32. Rg1 h5 33. Be4 Bb2 34. Kd2 Rd8+ 35. Bd3 Bxc1+ 36. Rxc1 Rxc1 37. Kxc1 Kf6 38. Be4 Rd7 39. c4 Ke5 40. Kc2 f5 41. Bd5 Rxd5 42. cxd5 Kxd5 43. Kd3 a5 44. Kc3 b5 45. Kd3 a4 0-1

[Event "Wch U20 Girls 10th"]
[Site "Buenos Aires"]
[Date "1992.10.??"]
[Round "3"]
[White "Kadimova, Ilaha"]
[Black "Sulistya, Maria Lucia Ratna"]
[Result "1-0"]
[WhiteElo "2270"]
[BlackElo "2195"]
[PlyCount "83"]
[EventDate "1992.10.??"]
[EventType "swiss"]
[EventRounds "13"]
[EventCountry "ARG"]
[SourceTitle "EXT 2022"]
[Source "ChessBase"]
[SourceDate "2021.10.06"]
[SourceVersion "1"]
[SourceVersionDate "2021.10.06"]
[SourceQuality "1"]

1. d4 Nf6 2. c4 e6 3. Nc3 Bb4 4. e3 b6 5. Nge2 c5 6. a3 cxd4 7. exd4 Be7 8. d5 d6 9. dxe6 fxe6 10. Nf4 Nc6 11. Be2 e5 12. Bf3 Qd7 13. Nfd5 Bb7 14. Be3 0-0 15. 0-0 Rad8 16. Qe2 Kh8 17. Rad1 Qe6 18. Ne4 Nd4 19. Bxd4 exd4 20. Nexf6 Qxe2 21. Bxe2 Bxf6 22. Nxf6 Rxf6 23. Rxd4 h6 24. Rfd1 Rdf8 25. f3 Re8 26. Kf2 Ree6 27. b4 Ba6 28. Bd3 g6 29. Be4 Kg7 30. a4 Rf8 31. Bd5 Re5 32. Bc6 Rc8 33. b5 Rc5 34. Bd5 R8c7 35. bxa6 Ra5 36. Bb7 Rxa4 37. Rxd6 Raxc4 38. Rd7+ Kf6 39. R1d6+ Kg5 40. Rxc7 Rxc7 41. Be4 Rg7 42. Kg3 1-0

[Event "Wch U20 Girls 10th"]
[Site "Buenos Aires"]
[Date "1992.10.??"]
[Round "7"]
[White "Sulistya, Maria Lucia Ratna"]
[Black "Dabrowska, Krystyna"]
[Result "1-0"]
[WhiteElo "2195"]
[BlackElo "2250"]
[PlyCount "115"]
[EventDate "1992.10.??"]
[EventType "swiss"]
[EventRounds "13"]
[EventCountry "ARG"]
[SourceTitle "EXT 2022"]
[Source "ChessBase"]
[SourceDate "2021.10.06"]
[SourceVersion "1"]
[SourceVersionDate "2021.10.06"]
[SourceQuality "1"]

1. e4 d6 2. d4 Nf6 3. f3 e5 4. dxe5 dxe5 5. Qxd8+ Kxd8 6. Bc4 Be6 7. Bxe6 fxe6 8. Nc3 Bc5 9. b3 Nc6 10. Bb2 Be3 11. Rd1+ Kc8 12. Rd3 Bh6 13. a3 Nd4 14. Kd1 Nd7 15. Nce2 Nc5 16. Rc3 b6 17. Rc4 Nb5 18. Nh3 Rd8+ 19. Ke1 Bd2+ 20. Kf2 Nd6 21. Rxc5 bxc5 22. Bxe5 g6 23. Nhf4 Kd7 24. Nd3 Kc6 25. Rd1 Bg5 26. Nc3 Rf8 27. Bg7 Rg8 28. Be5 Be7 29. Na4 Nb5 30. Bb2 Rad8 31. c4 Nd4 32. b4 Nb3 33. Bc3 cxb4 34. Nxb4+ Bxb4 35. Rxd8 Rxd8 36. axb4 Rd1 37. Kg3 Nd2 38. b5+ Kd7 39. c5 Nf1+ 40. Kf2 Nxh2 41. Be5 Nf1 42. c6+ Kc8 43. Ke2 Rc1 44. Nc3 Ng3+ 45. Kd2 Rg1 46. Bxg3 g5 47. Bf2 Rxg2 48. Ke1 h5 49. Ne2 Rh2 50. Kf1 g4 51. fxg4 hxg4 52. Bxa7 e5 53. Bf2 Rh1+ 54. Kg2 Rb1 55. Nc3 Rc1 56. Nd5 Rc4 57. b6 Rxc6 58. Ne7+ 1-0

[Event "Wch U20 Girls 10th"]
[Site "Buenos Aires"]
[Date "1992.10.??"]
[Round "11"]
[White "Sulistya, Maria Lucia Ratna"]
[Black "Johansson, Viktoria"]
[Result "1-0"]
[WhiteElo "2195"]
[BlackElo "2140"]
[PlyCount "83"]
[EventDate "1992.10.??"]
[EventType "swiss"]
[EventRounds "13"]
[EventCountry "ARG"]
[SourceTitle "EXT 2022"]
[Source "ChessBase"]
[SourceDate "2021.10.06"]
[SourceVersion "1"]
[SourceVersionDate "2021.10.06"]
[SourceQuality "1"]

1. e4 c6 2. d4 d5 3. Nd2 dxe4 4. Nxe4 Bf5 5. Ng3 Bg6 6. Nf3 Nd7 7. Bc4 e6 8. Qe2 Ngf6 9. Bg5 Be7 10. Nh4 Qa5+ 11. Bd2 Qb6 12. Nxg6 hxg6 13. 0-0-0 Nd5 14. c3 Qc7 15. h3 N7f6 16. Rhe1 a6 17. Ne4 Rh4 18. Ng5 Rh5 19. g3 Qd7 20. Bd3 Nc7 21. h4 Bd6 22. f4 0-0-0 23. c4 c5 24. dxc5 Bxc5 25. Bc3 Qe7 26. Qg2 Nce8 27. Be2 Rxd1+ 28. Rxd1 Rh8 29. a3 Nd6 30. b4 Ba7 31. Rxd6 Qxd6 32. Nxf7 Qb6 33. c5 Qc7 34. Nxh8 Nd5 35. Be5 Qd7 36. Nxg6 Qa4 37. Qf3 a5 38. f5 axb4 39. fxe6 Bxc5 40. Qxd5 Qxa3+ 41. Kb1 b3 42. Qd7# 1-0